Leyes de Procedimiento Laboral (Registro nro. 4218)

Detalles MARC
000 -LEADER
fixed length control field 01208 a2200205 4500
001 - CONTROL NUMBER
control field 46607
005 - DATE AND TIME OF LATEST TRANSACTION
control field 20260407155736.0
008 - FIXED-LENGTH DATA ELEMENTS--GENERAL INFORMATION
fixed length control field 260407a1969 arg spa d
003 - CONTROL NUMBER IDENTIFIER
control field AR-UNSa-BCEJYS
040 ## - CATALOGING SOURCE
Original cataloging agency AR-UNSa-BCEJYS
Language of cataloging spa
Transcribing agency AR-UNSa-BCEJYS
080 ## - UNIVERSAL DECIMAL CLASSIFICATION NUMBER
Universal Decimal Classification number 349.22:331.106
Common auxiliary subdivision Contrato de trabajo
100 1# - MAIN ENTRY--PERSONAL NAME
Personal name Fernández Madrid, Juan Carlos
245 10 - TITLE STATEMENT
Title Leyes de Procedimiento Laboral
264 #1 - PRODUCTION, PUBLICATION, DISTRIBUTION, MANUFACTURE, AND COPYRIGHT NOTICE
Place of production, publication, distribution, manufacture Buenos Aires :
Name of producer, publisher, distributor, manufacturer Ediciones Contabilidad Moderna
Date of production, publication, distribution, manufacture, or copyright notice 1969
300 ## - PHYSICAL DESCRIPTION
Extent 390 p.
Dimensions 26 cm.
505 ## - FORMATTED CONTENTS NOTE
Formatted contents note Leyes Nacionales y de la Capital Federal: 1. Régimen judicial de la capital federal – 2. Procedimiento para la aplicación de multas – 3. Regímenes de leyes especiales – 4. Procedimiento en materia de previsión social – 5. Procedimiento ante el consejo de trabajo doméstico – 6. Tribunal nacional de relaciones profesionales – 7. Procedimientos en conflictos colectivos – 8. Disposiciones generales complementarias – 9. Jurisprudencia de los tribunales nacionales - - Leyes de la Provincia de Buenos Aires: 10. Régimen judicial – 11. Procedimiento administrativo – 12. Jurisprudencia.
590 ## - LOCAL NOTE (RLIN)
Local note niveau_biblio:m niveau_hierar:0
700 1# - ADDED ENTRY--PERSONAL NAME
Personal name Podetti, Humbero A.
942 ## - ADDED ENTRY ELEMENTS (KOHA)
Koha item type
Existencias
Withdrawn status Lost status Damaged status Not for loan Home library Current library Shelving location Date acquired Total checkouts Full call number Barcode Date last seen Price effective from Koha item type
        Biblioteca Prof. Eusebio Cleto del Rey Biblioteca Prof. Eusebio Cleto del Rey   07/04/2026   349.22:331.106 P742 L87213 07/04/2026 07/04/2026 Libro